00739nam a22001937a 4500999001900000005001700019010001500036020002700051035001400078037001300092082001300105100001900118245007200137260004400209270009500253300004300348942002700391952012700418 c193206d19320620221017171005.0 aENG-135467 a9789391490591c1280.00 aEN-118999 bDBAD/PUB a327.1252 aWilliams, Brad aJapanese foreign intelligence and grand strategy/cby Brad Williams aNew DelhibKW Publishes pvt. ltd.c2021 a4676/21, first floor, ansari road, daryaganjbNew Delhie110002k011-43528107mkw@kwpub.in a279p.c23cm(hbk)bBibliography & Index 2ddccENmWILh327.1252 001040708NFICaRKPbRKPd2022-10-17eDBAD/PUBg1280.00l0o327.1252 WILpEN-118999r2022-10-17 00:00:00t1v1280.00yEN